000 00748nam a2200241Ia 4500
003 OSt
005 20220926013438.0
006 a|||||r|||| 00| 0
007 ta
008 220923b |||||||| |||| 00| 0 eng d
037 _cGeneral Book
040 _aRTL
_cRTL
_beng
041 _2eng
_aeng
082 _aX 755:(Z, 3), L2
110 _aInternational Bank. for Reconstruction and Development etc (USA)
_9318305
245 0 _aLenders' agreement
_b Shashe project
260 _aNew York
_bI B R D USA
_c1972
300 _a11p.
_ccm.
650 _aForeign Loan
700 _aInternational Bank. for Reconstruction and Development etc (USA)
_9318306
942 _hX 755:(Z, 3), L2
_cGB
_2CC
999 _c625981
_d625981